|
|
|
|
| LEADER |
00000nam a2200000 4500 |
| 001 |
vtls011760816 |
| 003 |
SK-MaSNL |
| 005 |
20260302055106.0 |
| 008 |
200316s1934 fr b 000 0 fre |
| 020 |
|
|
|q (brožované)
|
| 035 |
|
|
|a urn:nbn:sk:snk-am00dgtj
|
| 035 |
|
|
|a urn:nbn:sk:snk-am3i1s1
|
| 035 |
|
|
|a A85061C0-60CA-404D-B9C8-1872C8BB22DD
|
| 040 |
|
|
|a SNK
|b slo
|c SNK
|e rda
|
| 041 |
0 |
|
|a fre
|
| 044 |
|
|
|a fr
|c FR
|
| 072 |
|
7 |
|a 784
|x Vokálna hudba
|2 konspekt
|
| 080 |
|
|
|a 78.03.011.26
|2 2011
|
| 080 |
|
|
|a 784.4
|2 2011
|
| 080 |
|
|
|a (01)
|2 2011
|
| 245 |
0 |
0 |
|a Musique & chanson populaires
|
| 264 |
|
1 |
|a Paris
|b Institut International de Coopération Intellectuelle
|c 1934
|
| 300 |
|
|
|a 256 strán
|c 23 cm
|
| 336 |
|
|
|a text
|b txt
|2 rdacontent
|
| 337 |
|
|
|a bez média
|b n
|2 rdamedia
|
| 338 |
|
|
|a zväzok
|b nc
|2 rdacarrier
|
| 490 |
1 |
|
|a Dossiers de la Coopération intellectuelle
|
| 650 |
0 |
7 |
|a populárna hudba
|2 SNKPH
|9 3428
|
| 650 |
0 |
7 |
|a populárne piesne
|2 SNKPH
|9 3446
|
| 655 |
|
7 |
|a bibliografie
|2 SNKPH
|9 28668
|
| 830 |
|
0 |
|a Dossiers de la Coopération intellectuelle
|9 452382
|
| 958 |
|
|
|a FR
|
| 958 |
|
|
|a BC
|
| 958 |
|
|
|a ONDV
|
| 999 |
|
|
|c 1115980
|d 1117910
|
| 952 |
|
|
|a SNK
|b SNK
|y PREZ
|7 0
|p 17A0753249
|o snkSC 2413
|i snk707/38
|0 0
|1 0
|4 0
|d 2018-06-07
|f 1
|l 0
|r 2025-06-17 00:00:00
|w 2026-02-24
|